Szczegóły MARC21

Analiza fundamentalna dla bystrzaków /

003 -Nazwa inst., której nr kontr. jest w polu 001 [,]
    • @
    • Nazwa instytucji, której n kontrolny jest w polu 001
    • NUKAT
005 -DATA I CZAS OSTATNIEJ MODYFIKACJI [,]
    • @
    • pole kontrolne
    • 20241231112714.0
020 -Międzynarod. znormalizowany nr książki - ISBN [ , ]
    • a
    • Numer ISBN
    • 9788328386624 Find
040 -Instytucja sporządzająca opis [ , ]
    • a
    • Instytucja, która sporządziła opis (NP)
    • KR 93/MM
    • b
    • Język katalogowania
    • pol
    • e
    • Zasady katalogowania
    • rda
    • c
    • Instytucja, która sporządziła rekord (NP)
    • KR 93/MM
    • d
    • Instytucja, która zmodyfikowała rekord (P)
    • KR 93/BL
    • d
    • Instytucja, która zmodyfikowała rekord (P)
    • KR 7/AKs
    • d
    • Instytucja, która zmodyfikowała rekord (P)
    • KR 93/MSs
    • d
    • Instytucja, która zmodyfikowała rekord (P)
    • KR 048/PK
942 -Rodzaj dokumentu [ , ]
    • c
    • Rodzaj dokumentu
    • Książka
100 -Hasło główne - nazwa osobowa [1, ]
    • a
    • Nazwa osobowa (NP)
    • Krantz, Matt.
    • e
    • Rodzaj współpracy
    • Autor
    • 9
    • KHW
    • 694536
240 -Tytuł ujednolicony [1,0]
    • a
    • Tytuł ujednolicony
    • Fundamental analysis for dummies
    • l
    • Język tekstu
    • (pol.)
    • 9
    • KHW
    • 694538
245 -Strefa tytułu i oznaczenia odpowiedzialności [1,0]
    • a
    • Tytuł
    • Analiza fundamentalna dla bystrzaków / Find
    • c
    • Pozostałe elementy strefy tytułu i oznaczenia odpowiedzialności (NP)
    • Matt Krantz ; przekład Leszek Sielicki.
260 -Strefa adresu wydawniczego [ , ]
    • a
    • Miejsce wydania (P)
    • Gliwice :
    • b
    • Nazwa wydawcy (P)
    • Helion S.A.,
    • c
    • Data wydania (P)
    • © 2023.
300 -Strefa opisu fizycznego [ , ]
    • a
    • Określenie formy książki i/lub objętość (NP)
    • 368, [8] stron :
    • b
    • Oznaczenie ilustracji (NP)
    • ilustracje ;
    • c
    • Format (NP)
    • 23 cm.
336 -Typ zawartości [ , ]
    • a
    • Termin opisujący typ zawartości
    • Tekst
    • b
    • Kod określający zawartość
    • txt
    • 2
    • Źródło (terminu i kodu)
    • rdacontent
337 -Typ mediów [ , ]
    • a
    • Tryb odtwarzania
    • Bez urządzenia pośredniczącego
    • b
    • Kod typu mediów
    • n
    • 2
    • Źródło (terminu i kodu)
    • rdamedia
338 -Typ/rodzaj nośnika [ , ]
    • a
    • Hasło opisujące typ nośnika
    • Wolumin
    • b
    • Kod typu nośnika
    • nc
    • 2
    • Źródło (terminu i kodu)
    • rdacarrier
490 -Strefa serii i książki wielotomowej - forma nie do wyszukiwania [1, ]
    • a
    • Tytuł (P)
    • Dla Bystrzaków Find
490 -Strefa serii i książki wielotomowej - forma nie do wyszukiwania [1, ]
    • a
    • Tytuł (P)
    • W Prostocie Tkwi Siła Find
830 -Hasło dodatkowe serii i opisu książki wielotomowej - tytuł ujednolicony/tytuł [ ,0]
    • a
    • Tytuł ujednolicony/tytuł (NP)
    • Dla Bystrzaków
    • 9
    • KHW
    • 67482
830 -Hasło dodatkowe serii i opisu książki wielotomowej - tytuł ujednolicony/tytuł [ ,0]
    • a
    • Tytuł ujednolicony/tytuł (NP)
    • W Prostocie Tkwi Siła
    • 9
    • KHW
    • 519176
500 -Uwaga ogólna [ , ]
    • a
    • Uwaga ogólna (NP)
    • Na stronie tytułowej i okładce: Wydanie II, dotyczy wydania oryginału.
500 -Uwaga ogólna [ , ]
    • a
    • Uwaga ogólna (NP)
    • Na okładce: Określaj efektywność firm, minimalizuj ryzyko i doskonal umiejętności w zakresie inwestowania, oceniaj przyszłą wartość przedsiębiorstw.
650 -Hasło przedmiotowe [ ,7]
    • a
    • Hasło przedmiotowe
    • Inwestycje
    • x
    • Określnik rzeczowy
    • ocena.
    • 2
    • Źródło terminu
    • kaba
    • 9
    • KHW
    • 360708
650 -Hasło przedmiotowe [ ,7]
    • a
    • Hasło przedmiotowe
    • Analiza finansowa.
    • 2
    • Źródło terminu
    • kaba
    • 9
    • KHW
    • 101237
650 -Hasło przedmiotowe [ ,7]
    • a
    • Hasło przedmiotowe
    • Papiery wartościowe
    • x
    • Określnik rzeczowy
    • ocena.
    • 2
    • Źródło terminu
    • kaba
    • 9
    • KHW
    • 580255
650 -Hasło przedmiotowe [ ,7]
    • a
    • Hasło przedmiotowe
    • Przedsiębiorstwa
    • x
    • Określnik rzeczowy
    • efektywność kosztów.
    • 2
    • Źródło terminu
    • kaba
    • 9
    • KHW
    • 356073
650 -Hasło przedmiotowe [ ,7]
    • a
    • Hasło przedmiotowe
    • Rentowność
    • x
    • Określnik rzeczowy
    • prognozy.
    • 2
    • Źródło terminu
    • kaba
    • 9
    • KHW
    • 694604
700 -Hasło dodatkowe - nazwa osobowa [1, ]
    • a
    • Nazwa osobowa (NP)
    • Sielicki, Leszek. Find
    • e
    • Określenie rodzaju współpracy
    • Tłumaczenie
    • 9
    • KHW
    • 50455
710 -Hasło dodatkowe - nazwa ciała zbiorowego [2, ]
    • a
    • Nazwa ciała zbiorowego lub nazwa geograficzna jako pierwszy element (NP)
    • Grupa Wydawnicza Helion.
    • e
    • Rodzaj współpracy
    • Wydawca
    • 4
    • Kod relacji
    • pbl
    • 9
    • KHW
    • 51611
856 -Dostęp do wersji elektronicznej [4,1]
    • 3
    • Wyszczególnienie materiału
    • Spis treści
920 -ISBN [ , ]
    • a
    • ISBN
    • 978-83-283-8662-4 Find
Data inwentaryzacji Lokalizacja Numer inwentarzowy Status udost.
2023-12-01BEE.81293-2
2023-12-01BES.98484-2
2023-12-01BES.98485-2
2023-12-01BES.98486-2